000 00375nam a22001337a 4500
008 230608b xxu||||| |||| 00| 0 eng d
020 _a9966031143
082 _a347.09
_bMUI
100 _cGithu Muigai
245 _aArbitration law and practice in Kenya
_cGithu Muigai, editor.
260 _aNairobi, Kenya
_bLaw africa publishing ltd
_c2011
300 _a209p
942 _2ddc
_cBK
999 _c868
_d868